00834nam a2200157 a 450000100100000000500170001000800410002702000150006804000250008324501140010826001360022230000210035850000730037970000280045271001960048000003385720200930070556.0110913s2006 es 000 0 spa d a8479930373 aDO-SdBNPbspacBNPHU00aCristóbal Colón, 1506-2006, historia y leyenda :bCongreso Internacional /ccoordinadora Consuelo Varela. aPalos de la Frontera (Huelva) :bUniversidad Internacional de Andalucía, Sede Iberoamericana Santa María de la Rábida,c2006. a398 p. ;c25 cm. aIncluye referencias bibliográficas y notas al pie de las páginas1 aVarela, Consuelod1945-1 aUniversidad Internacional de Andalucía, Sede Iberoamericana Santa María de la Rábida, Excmo. Ayuntamiento de Palos de la FronterabConsejo Superior de Investigaciones Científicas-EEHA